Kto ovláda slovenské médiá šéfovia najväčších slovenských médií tvrdia, že už je ...

Bibliographic Details
Main Authors: Žitňanský, Eduard, 1952-2022 (Author), Kováč, Pavel (Author)
Format: Article
Language:Slovak
PhysicalDescription:Fotogr., tab.
ISSN:1335-4620
Subjects:

MARC

LEADER 00000nab a2200000 ar4500
001 vtls008997219
003 SK-MaSNL
005 20260303065802.0
008 070608c2007 xo er|p|||||||000 b|slo
015 |a SNBRB2007/06  |2 snkbucl 
040 |a SNKBUCL  |b slo  |c SNKBUCL  |e AACR2 
041 0 |a slo 
044 |a xo  |c SK 
080 |a 316.774  |x (437.6)  |2 2001 
080 |a 07  |x (437.6)  |2 2001 
080 |a 655.413  |x (437.6)  |2 2001 
080 |a 659.443/.446  |x (437.6)  |2 2001 
100 1 |a Žitňanský, Eduard,  |d 1952-2022  |4 aut  |9 110414 
245 1 0 |a Kto ovláda slovenské médiá  |b šéfovia najväčších slovenských médií tvrdia, že už je ...  |c Eduard Žitňanský, Pavel Kováč 
300 |b Fotogr., tab. 
650 0 7 |a slovenské médiá  |2 snkbucl  |9 1038737 
650 0 7 |a mediálny obchod  |2 snkbucl  |9 1066311 
655 7 |a analýzy  |2 snkbucl  |9 22242 
700 1 |a Kováč, Pavel  |4 aut  |9 376910 
773 0 |t Profit  |g Č. 3 (2007), s. [12]-15  |x 1335-4620 
852 |a SNK  |b KIS3GCP 
958 |a SK 
999 |c 1752690  |d 1754620